Tripura Buranji (Record no. 4970)

MARC details
000 -LEADER
fixed length control field 00527cam a2200205ua 4500
001 - CONTROL NUMBER
control field 5820
005 - DATE AND TIME OF LATEST TRANSACTION
control field 20260515113935.0
008 - FIXED-LENGTH DATA ELEMENTS--GENERAL INFORMATION
fixed length control field 131023n ii |||gr||||Z||||||asm
040 ## - CATALOGING SOURCE
Transcribing agency MAIN
082 ## - DEWEY DECIMAL CLASSIFICATION NUMBER
Classification number 954.15
245 ## - TITLE STATEMENT
Title Tripura Buranji
Statement of responsibility, etc. by Ratnakandali
250 ## - EDITION STATEMENT
Edition statement 3rd ed.
260 ## - PUBLICATION, DISTRIBUTION, ETC.
Place of publication, distribution, etc. Guwahati:
Name of publisher, distributor, etc. Deprtment of Antiquarian Studies,
Date of publication, distribution, etc. 1990.
300 ## - PHYSICAL DESCRIPTION
Extent xvi,101p.
653 ## - INDEX TERM--UNCONTROLLED
Uncontrolled term History
653 ## - INDEX TERM--UNCONTROLLED
Uncontrolled term Tripura Buranji
700 ## - ADDED ENTRY--PERSONAL NAME
Personal name Bhuyan,Surjya Kumar,
Relator term Editor.,
700 ## - ADDED ENTRY--PERSONAL NAME
Personal name Kataki, Arjundas.,
Relator term Author.
942 ## - ADDED ENTRY ELEMENTS (KOHA)
Koha item type Books
Holdings
Withdrawn status Lost status Damaged status Not for loan Home library Current library Shelving location Date acquired Total checkouts Full call number Barcode Date last seen Copy number Price effective from Koha item type
        Naharkatiya College Library Naharkatiya College Library General stacks 09/19/2020   954.15 | TRI 3920 09/19/2020 1 09/19/2020 Books